Southville International School and Colleges
Your cart is empty.
  • Cart
  • Lists
    Public lists Eva Luna New books Lux_list list_1
    Your lists Log in to create your own lists
  • Log in to your account
  • Your cookies
  • Search history
Southville International School and Colleges
  • Advanced search
  • Recent comments
  • Most popular
  • Libraries

Log in to your account

Log in with GOOGLE


If you do not have an external account, but do have a local account, you can still log in:

  1. Home
  2. MARC view: The Penguin guide to punctuation /
Normal view MARC view ISBD view

The Penguin guide to punctuation / (Record no. 25522)

[ view plain ]
MARC details
000 -LEADER
fixed length control field 00461nam a2200181 a 4500
003 - CONTROL NUMBER IDENTIFIER
control field OSt
005 - DATE AND TIME OF LATEST TRANSACTION
control field 20141106093521.0
008 - FIXED-LENGTH DATA ELEMENTS--GENERAL INFORMATION
fixed length control field 041104s19uu xx 00 eng d
050 ## - LIBRARY OF CONGRESS CALL NUMBER
Classification number PE 1112
Item number .P398 2001
100 ## - MAIN ENTRY--PERSONAL NAME
Personal name Trask, R. L.
245 ## - TITLE STATEMENT
Title The Penguin guide to punctuation /
Statement of responsibility, etc R.L. Trask
260 ## - PUBLICATION, DISTRIBUTION, ETC. (IMPRINT)
Place of publication, distribution, etc England ;
Name of publisher, distributor, etc Penguin Group .
Date of publication, distribution, etc 1997.
300 ## - PHYSICAL DESCRIPTION
Extent 162 p. :
Dimensions 14 cm.
650 ## - SUBJECT ADDED ENTRY--TOPICAL TERM
Topical term or geographic name as entry element Punctuation.
942 ## - ADDED ENTRY ELEMENTS (KOHA)
Koha item type Books
Source of classification or shelving scheme Library of Congress Classification
Holdings
Withdrawn status Lost status Source of classification or shelving scheme Damaged status Home library Current library Shelving location Date acquired Total Checkouts Full call number Barcode Date last seen Copy number Price effective from Koha item type
    Library of Congress Classification   College Library College Library Reference Section 10/25/2013   PE 1112 .T775 1997 C5240 05/15/2018 1 10/25/2013 Books
    Library of Congress Classification   College Library College Library Reference Section 10/25/2013   PE 1112 .P398 2001 C5237 05/15/2018 2 10/25/2013 Books

The Penguin guide to punctuation /

APA

Trask R. L., . (1997). The Penguin guide to punctuation. England: Penguin Group.

Chicago

Trask R L, . 1997. The Penguin guide to punctuation. England: Penguin Group.

Harvard

Trask R. L., . (1997). The Penguin guide to punctuation. England: Penguin Group.

MLA

Trask R L, . The Penguin guide to punctuation. England: Penguin Group. 1997.

  • Place hold
  • Print
  • Cite
  • Add to your cart (remove)
  • Save record
    BIBTEX Dublin Core MARCXML MARC (non-Unicode/MARC-8) MARC (Unicode/UTF-8) MARC (Unicode/UTF-8, Standard) MODS (XML) RIS
  • More searches
    Search for this title in:
    Other Libraries (WorldCat) Other Databases (Google Scholar) Online Stores (Bookfinder.com) Open Library (openlibrary.org)

Exporting to Dublin Core...

SOUTHVILLE LIBRARY

Southville International School and Colleges Library

1281 Tropical Ave. Cor. Luxembourg St., BF Homes International, Las Pinas City

Tel. No. 8256374 / 252358 Loc. 117/146

Powered by Koha